Singapur: role autoritativního režimu ve vývoji země
Singapur ako jeden z najautoritatívnejších režimov juhovýchodnej Ázie a súčasne najvyspelejších ekonomík sveta. Stručná geograficko-ekonomická charakteristika Singapuru. Voľby a politika. PAP (People`s action party - Akčná ľudová strana). PAP a jej autoritatívny spôsob vlády. PAP a jej úloha v ú...
Gespeichert in:
| 1. Verfasser: | |
|---|---|
| Format: | Buchkapitel |
| Sprache: | Tschechisch |
| Schlagworte: | |
| Tags: |
Keine Tags, Fügen Sie das erste Tag hinzu!
|
MARC
| LEADER | 00000naa$a2200000$$$4500 | ||
|---|---|---|---|
| 001 | 0018576 | ||
| 005 | 20231016091552.8 | ||
| 041 | 0 | |a cze | |
| 044 | |a CZ | ||
| 245 | 1 | 0 | |a Singapur: role autoritativního režimu ve vývoji země |c Tereza Němečková |
| 520 | |a Singapur ako jeden z najautoritatívnejších režimov juhovýchodnej Ázie a súčasne najvyspelejších ekonomík sveta. Stručná geograficko-ekonomická charakteristika Singapuru. Voľby a politika. PAP (People`s action party - Akčná ľudová strana). PAP a jej autoritatívny spôsob vlády. PAP a jej úloha v úspešnom hospodárskom vývoji krajiny. Priority singapurskej vlády. | ||
| 610 | 2 | 0 | |a Singapur |
| 610 | 2 | 0 | |a strany vládne |
| 610 | 2 | 0 | |a história |
| 610 | 2 | 0 | |a politika |
| 610 | 2 | 0 | |a vývoj hospodársky |
| 610 | 2 | 0 | |a politika medzinárodná |
| 100 | 1 | |a Němečková, Tereza | |